000 00467nam a2200181Ia 4500
003 GCL
008 140319s9999 xx 000 0 ara d
040 _aGCL /
_cGCL
082 0 4 _aد
_b050
100 1 _aبول غليونجى
245 1 0 _aكل ولا تاكل (اقرا 449 ) /
_cبول غليونجى
300 _a162
490 _aاقرأ
_v0
650 0 4 _aالتغذية
650 0 4 _aالاغذية
650 0 4 _aالاكل والشرب
942 _2ddc
_cBK
999 _c48559
_d48559